00578nam a2200205 a 4500001001300000003000900013005001700022008004100039020002300080082001600103100001900119245006500138260004300203300000900246500003500255505001000290650001800300650003500318700001900353nice12345678IN_TiNIC20260116012247.0050524s1988 lona grp 000 0 eng  a0415304 c10000a297.09bAHM aAhmed, Akbar S aDiscovering Islam Making Sense of Muslim History and Society aLondon bRoutledge Chapman Hall c1988 a251p aincludes index and biblioraphy2 aIndex aIslam-History aIslamic-Countries Civilization1 aAhmed, Akbar S